<?xml version="1.0" encoding="UTF-8"?>
<record
    xmlns:xsi="http://www.w3.org/2001/XMLSchema-instance"
    xsi:schemaLocation="http://www.loc.gov/MARC21/slim http://www.loc.gov/standards/marcxml/schema/MARC21slim.xsd"
    xmlns="http://www.loc.gov/MARC21/slim">

  <leader>     nam a22     7a 4500</leader>
  <datafield tag="999" ind1=" " ind2=" ">
    <subfield code="c">46481</subfield>
    <subfield code="d">46481</subfield>
  </datafield>
  <controlfield tag="003">OSt</controlfield>
  <controlfield tag="005">20190417094234.0</controlfield>
  <controlfield tag="008">190417b        xxu||||| |||| 00| 0 eng d</controlfield>
  <datafield tag="040" ind1=" " ind2=" ">
    <subfield code="c">SERO SOFT</subfield>
  </datafield>
  <datafield tag="100" ind1=" " ind2=" ">
    <subfield code="a">TRIPATHI, MADHUSUDAN</subfield>
  </datafield>
  <datafield tag="245" ind1=" " ind2=" ">
    <subfield code="a">BHARAT ME UPBHOGTA SHIKSHA</subfield>
  </datafield>
  <datafield tag="260" ind1=" " ind2=" ">
    <subfield code="a">DELHI</subfield>
    <subfield code="b">OMEGA</subfield>
  </datafield>
  <datafield tag="300" ind1=" " ind2=" ">
    <subfield code="a">183</subfield>
  </datafield>
  <datafield tag="942" ind1=" " ind2=" ">
    <subfield code="2">ddc</subfield>
    <subfield code="c">02</subfield>
  </datafield>
  <datafield tag="952" ind1=" " ind2=" ">
    <subfield code="0">0</subfield>
    <subfield code="1">0</subfield>
    <subfield code="2">ddc</subfield>
    <subfield code="4">0</subfield>
    <subfield code="7">0</subfield>
    <subfield code="a">05</subfield>
    <subfield code="b">05</subfield>
    <subfield code="d">2019-04-17</subfield>
    <subfield code="e">loyal book depot</subfield>
    <subfield code="g">125.00</subfield>
    <subfield code="i">10876,24/2/9</subfield>
    <subfield code="p">05-B-16911</subfield>
    <subfield code="r">2019-04-17</subfield>
    <subfield code="w">2019-04-17</subfield>
    <subfield code="y">06</subfield>
  </datafield>
  <datafield tag="952" ind1=" " ind2=" ">
    <subfield code="0">0</subfield>
    <subfield code="1">0</subfield>
    <subfield code="2">ddc</subfield>
    <subfield code="4">0</subfield>
    <subfield code="7">0</subfield>
    <subfield code="a">05</subfield>
    <subfield code="b">05</subfield>
    <subfield code="d">2019-04-17</subfield>
    <subfield code="e">loyal book depot</subfield>
    <subfield code="g">125.00</subfield>
    <subfield code="i">10876,24/2/9</subfield>
    <subfield code="p">05-B-16910</subfield>
    <subfield code="r">2019-04-17</subfield>
    <subfield code="w">2019-04-17</subfield>
    <subfield code="y">06</subfield>
  </datafield>
</record>
